The rhetoric of seeing in Attic forensic oratory /

Bibliographic Details
Main Author: O'Connell, Peter A. (Author)
Corporate Author: EBSCOhost
Format: eBook
Language:English
Published: Austin : University of Texas Press, 2017.
Edition:First edition.
Series:Ashley and Peter Larkin series in Greek and Roman culture.
Subjects:
Online Access:Connect to the full text of this electronic book

MARC

Tag First Indicator Second Indicator Subfields
LEADER 00000cam a2200000Ii 4500
001 in00004010113
005 20200701133354.0
006 m o d
007 cr cnu---unuuu
008 170110s2017 txu ob s001 0 eng d
020 |a 9781477311691  |q (electronic bk.) 
020 |a 1477311696  |q (electronic bk.) 
020 |z 9781477311684 
020 |z 1477311688 
020 |z 9781477311707 (non-library e-book) 
024 8 |a 99978788526 
035 |a (NhCcYBP)ybp13334866 
040 |a NhCcYBP  |c NhCcYBP  |d UtOrBLW 
043 |a e-gr--- 
050 4 |a PA3263  |b .O34 2017 
072 7 |a LIT  |x 004190  |2 bisacsh 
082 0 4 |a 885/.0109  |2 23 
100 1 |a O'Connell, Peter A.,  |e author.  |0 http://id.loc.gov/authorities/names/no2016086388 
245 1 4 |a The rhetoric of seeing in Attic forensic oratory /  |c Peter A. O'Connell. 
250 |a First edition. 
264 1 |a Austin :  |b University of Texas Press,  |c 2017. 
300 |a 1 online resource. 
336 |a text  |b txt  |2 rdacontent 
337 |a computer  |b c  |2 rdamedia 
338 |a online resource  |b cr  |2 rdacarrier 
490 1 |a Ashley and Peter Larkin series in Greek and Roman culture 
504 |a Includes bibliographical references and index. 
505 0 |a Visual rhetoric and visual evidence -- The meanings of movement -- Showing and seeing : the procedural terminology of witnessing -- Saying as showing, hearing as seeing -- Visualizing civic suffering -- Shared spectatorship : bridging the gap between past and present and here and there -- Conclusion. 
588 0 |a Description based on online resource; title from PDF title page (EBSCO, viewed January 10, 2017). 
500 |a Electronic resource. 
650 0 |a Speeches, addresses, etc., Greek  |x History and criticism.  |0 http://id.loc.gov/authorities/subjects/sh2008112182 
650 0 |a Forensic orations  |z Greece  |z Athens  |x History and criticism. 
650 0 |a Rhetoric, Ancient.  |0 http://id.loc.gov/authorities/subjects/sh85113634 
650 0 |a Oratory, Ancient.  |0 http://id.loc.gov/authorities/subjects/sh85095301 
655 7 |a Electronic books.  |2 local 
710 2 |a EBSCOhost. 
830 0 |a Ashley and Peter Larkin series in Greek and Roman culture.  |0 http://id.loc.gov/authorities/names/no2009205270 
856 4 0 |u http://proxy.library.tamu.edu/login?url=http://search.ebscohost.com/login.aspx?direct=true&scope=site&db=nlebk&db=nlabk&AN=1449328  |z Connect to the full text of this electronic book  |t 0 
945 |a machinegen 
955 |a YBP purchased EBSCO DDA e-records 
999 f f |s 3bc2d9b5-3fc5-359b-a99e-3c7cef89e9c9  |i 07e6e45e-849c-31db-8c3f-e437efebfaa7  |t 0 
952 f f |a Texas A&M University  |b College Station  |c Electronic Resources  |d Available Online  |t 0  |e PA3263 .O34 2017  |h Library of Congress classification 
998 f f |a PA3263 .O34 2017  |t 0  |l Available Online